Central Library OPAC University of Rajshahi

X-ray optics : (Record no. 11850)

MARC details
000 -LEADER
fixed length control field 00975nam a2200289 4500
001 - CONTROL NUMBER
control field 11850
003 - CONTROL NUMBER IDENTIFIER
rucl marc code BD-RjUL
005 - DATE AND TIME OF LATEST TRANSACTION
control field 20211208235207.0
008 - FIXED-LENGTH DATA ELEMENTS--GENERAL INFORMATION
fixed length control field 140127s1962 enka 000 0 eng d
035 ## - SYSTEM CONTROL NUMBER
System control number CURL 980062053373(Lc ) from pwtc020
-- (BD-RjUL)11899
040 ## - CATALOGING SOURCE
Original cataloging agency UkOxU
Language of cataloging eng
Transcribing agency UkOxU
Modifying agency BD-RjUL
041 ## - LANGUAGE CODE
Language code of text/sound track or separate title eng
082 00 - DEWEY DECIMAL CLASSIFICATION NUMBER
Classification number 548.83
Author mark and year WIX 1962
100 1# - MAIN ENTRY--PERSONAL NAME
Personal name Wilson, A. J. C.
Fuller form of name (Arthur James Cochran),
Dates associated with a name 1914-
9 (RLIN) 33696
245 10 - TITLE STATEMENT
Title X-ray optics :
Remainder of title the diffraction of X-rays by finite and imperfect crystals /
Statement of responsibility, etc. A.J.C. Wilson
250 ## - EDITION STATEMENT
Edition statement [2d ed., rev. and enl.]
260 ## - PUBLICATION, DISTRIBUTION, ETC. (IMPRINT)
Place of publication, distribution, etc. London :
Name of publisher, distributor, etc. Methuen,
Date of publication, distribution, etc. c1962.
300 ## - PHYSICAL DESCRIPTION
Pagination vii, 147 p :
Illustrations ill ;
Size 19 cm
490 1# - SERIES STATEMENT
Series statement Methuen's monographs on physical subjects
504 ## - BIBLIOGRAPHY, ETC. NOTE
Bibliography, etc Includes bibliographical references and index
650 #0 - SUBJECT ADDED ENTRY--TOPICAL TERM
Topical term or geographic name as entry element Crystals
9 (RLIN) 36701
Topical term or geographic name as entry element X-rays
9 (RLIN) 36702
830 #0 - SERIES ADDED ENTRY--UNIFORM TITLE
Uniform title Methuen's monographs on physical subjects
942 ## - ADDED ENTRY ELEMENTS (KOHA)
Source of classification or shelving scheme Dewey Decimal Classification
Koha item type Books
Holdings
Lost status Source of classification or shelving scheme Damaged status Not for loan Permanent Location Current Location Shelving location Date acquired Source of acquisition Cost, normal purchase price Total Checkouts Full call number Date last seen Copy number Koha item type
  Dewey Decimal Classification   Not For Loan Central Library, University of Rajshahi Central Library, University of Rajshahi Reading Room 06/11/1965 Zeitlinger 21.00   548.83 WIX 1962 27/01/2014 C-1 Books